| 000 | 00370nam a22001457a 4500 | ||
|---|---|---|---|
| 020 | _a0 333 57485 0 | ||
| 082 | _aREF 378.1025 INT | ||
| 100 | _aInternational Association of Universities | ||
| 245 | _aInternational Handbook of Universities | ||
| 250 | _a13th ed | ||
| 260 |
_aUS _bStockton Press _c1993 |
||
| 300 | _ax,1304p | ||
| 500 | _aIncludes index | ||
| 942 | _cBK | ||
| 999 |
_c13738 _d13738 |
||